Razón, verdad e historia /
Wedi'i Gadw mewn:
| Prif Awdur: | |
|---|---|
| Fformat: | Llyfr |
| Iaith: | Ffrangeg |
| Cyhoeddwyd: |
Madrid, España :
Tecnos,
2006, c2006
|
| Cyfres: | (Filosofía y Ensayo)
|
| Pynciau: | |
| Tagiau: |
Dim Tagiau, Byddwch y cyntaf i dagio'r cofnod hwn!
|
MARC
| LEADER | 00000nam^a2200000^a^4500 | ||
|---|---|---|---|
| 001 | 000408453 | ||
| 005 | 20250521000000.0 | ||
| 009 | 20260310121954.319 | ||
| 020 | |a 84-309-1577-X | ||
| 037 | |a Acervo Xavier Clavigero | ||
| 041 | |a FRA | ||
| 082 | |a 146. 4 |b PUT OBR RAZ | ||
| 100 | |a Putnam, Hilary |e (autor) | ||
| 245 | 1 | 0 | |a Razón, verdad e historia / |c H. Putnam ; tr. por José Miguel Esteban Cloquell. |
| 264 | 4 | |a Madrid, España : |b Tecnos, |c 2006, c2006 | |
| 300 | |a 220 p. | ||
| 336 | |a texto |b txt |2 rdacontenido | ||
| 337 | |a sin mediación |b n |2 rdamedio | ||
| 338 | |a volumen |b nc |2 rdasoporte | ||
| 440 | 1 | |a (Filosofía y Ensayo) | |
| 500 | |a Traducción de: Reason, Truth and History | ||
| 521 | |a FIL 2018 EEnlace Departamento de Filosofía y Humanidades | ||
| 545 | 0 | |a Hilary Putnam (1926-2016), filósofo y matemático norteamericano, ejerció la docencia en las universidades de Princeton, MIT y Harvard, sus grandes contribuciones los realió en el campo de la filosofía de la mente, del lenguaje y de la ciencia. Dado su criterio de analizar con rigor sus propias propuestas, cabalgó principalmente entre las doctrinas del realismo científico, la filosofía analítica y el pragmatismo, en algunos de sus escritos se declaró como filósofo analitico. Entre sus obras se encuentran La trenza de tres cabos: la mente, el cuerpo y el mundo; Razón, verdad e historia; El pragmatismo: un debate abierto; Las mil caras del realismo; Cómo renovar la filosofía; y otras. | |
| 649 | |a XX | ||
| 650 | |a Razón | ||
| 650 | |a Alma y Cuerpo | ||
| 650 | |a Verdad | ||
| 650 | |a Conocimiento | ||
| 650 | |a Axiología | ||
| 650 | |a Epistemología - |x Tema Principal | ||
| 650 | |a Modernidad y Posmodernidad | ||
| 650 | |a Filosofía del Siglo XX | ||
| 650 | |a Filosofía Analítica | ||
| 650 | |a Filosofía Norteamericana | ||
| 910 | |a Fondo General | ||
| 920 | |a Impresos - Libros | ||
| 930 | |a Colección General | ||
| 905 | |a 101 | ||
| 901 | |a 0500316435 |b IT1 |c ACC |i C1859 |u 20250521 | ||
| 902 | |a https://opac.biblio.iteso.mx/vufind/Record/000408453 | ||